00341nam a2200133Ia 4500003000900000008004100009040001300050040001300063100002000076245007300096260002400169300000800193490000600201IT-RoPAU120407s9999 xx 000 0 und d aIT-RoPAU cIT-RoPAU aRoberto Zapperi aLa leggenda del Papa Paolo III. Arte e censura nella Roma pontificia aBollati Boringhieri c cm v1